Statistics for Top 10 Largest Shrinking U.S. Cities

Click here to take the quiz!

General Stats

  • This quiz has been taken 64 times
  • The average score is 6 of 10

Answer Stats

2016 pop est % change City % Correct
672,795−5.74%Detroit
96%
311,404−2.47%Saint Louis
79%
385,809−2.77%Cleveland
77%
303,625−0.68%Pittsburgh
67%
614,664−1.01%Baltimore
65%
256,902−1.69%Buffalo
56%
278,508−3.03%Toledo
49%
208,880−0.80%Rochester
35%
212,157−0.04%Birmingham
30%
227,715−0.77%Baton Rouge
19%

Score Distribution

Percentile by Number Answered

Percent of People with Each Score

Your Score History

You have not taken this quiz